Batailles de l'Histoire de France: QCM - Statistiques

Statistiques générales
  • Ce quiz a été pris 148 fois
  • Le résultat moyen est 21 sur 40
Statistiques - réponses
Question Réponse % Correct
Austerlitz fut une... Victoire
100%
La bataille de Sedan est une... Défaite
89%
Survenue en... 1870
87%
La bataille s'est déroulée en... 1805
85%
À son issue également, un dirigeant est capturé. Il s'agit de... Napoléon III
85%
Elle oppose la France à... La Prusse et d'autres états allemands
79%
La bataille de Poitiers est une... Défaite
70%
Elle mène à la dissolution d'un vieil état européen, le... Saint-Empire
68%
La bataille de Rocroi est une... Victoire
68%
Elle s'est déroulée en... 1356
66%
Bouvines a été une... Victoire
66%
Elle se déroule en... 1525
60%
Advenue en... 1628
57%
Cette bataille met fin à une guerre, la... Sixième guerre d'Italie
57%
Le siège de La Rochelle est une... Victoire
57%
Advenue en... 1813
55%
La bataille de Pavie est une... Défaite
55%
À son issue, un roi est capturé. Il s'agit de... Jean II
55%
Elle oppose la France à... L'Angleterre
55%
Survenue en... 1214
53%
La ville résiste au Royaume de France car... C'est un bastion protestant
51%
Elle oppose la France à... La Prusse, l'Autriche, la Russie, la Suède
51%
Elle oppose la France à... La Rochelle (Aunis) et L'Angleterre
51%
Elle opposa la France à... La Russie et l'Autriche
51%
Elle oppose la France à... L'Empire allemand
47%
Elle révèle un jeune général, à savoir... Le Grand Condé
43%
La bataille des nations (bataille de Leipzig) est une... Défaite
40%
Elle se déroule en... 1643
38%
Survenue en... 1914
38%
La bataille des frontières est une... Défaite
36%
Elle oppose la France à... L'Espagne
36%
Elle oppose la France à... L'Espagne et le Saint-Empire
36%
Leipzig reste la plus grande bataille européenne jusqu'à la premIère guerre mondiale, impliquant un total de... 500 000 combattants
32%
À son issue fût signé le traité de Chinon, et avec lui la chute d'un État: L'Empire angevin
32%
Elle oppose la France à... La Flandre
28%
Elle oppose la France à... L'Angleterre et le Saint-Empire
23%
La bataille se déroule en... 1304
19%
Mons-en-Pévèle est aujourd'hui une commune... Française
17%
Mons-en-Pévèle est une... Victoire
15%
Les pertes y sont lourdes: en comptant les morts, les blessés et les disparus des deux camps, elles s'élèvent à environ... 350 000
11%
Aucun quiz correspondant
Distribution des résultats
% des personnes avec chaque résultat
Percentile par nombre de réponses
Votre historique - résultats
Vous n’avez pas pris ce quiz